000 00791nam a2200289Ia 4500
001 48808
003 IT-RoPAU
008 130308s9999 xx 000 0 und d
040 _aIT-RoPAU
040 _cIT-RoPAU
041 _aINGLESE
100 _aPenuela Canizal Eduardo
100 _gCodice Aut. SPICS: 19636
245 2 _aA visual Metaphor of the Femina Amara
245 _bExigences et Perspectives de la Semiotique-2 Volumi
250 _a1a ed.
260 _aAMSTERDAM
260 _bJohn Benjamins Publishing
260 _c1985 [1° Ed.:1985 - Ed.Ling.Originale:1985]
300 _a"13 p. (prefazione: no ; testo: 13 [pagine: 611-623])"
650 _aSEMIOLOGIA
650 _eCodice materia Spics: 3251
942 _cBK
957 _71
999 _c40487
_d40487
999 _bSI
999 _g1